Vitamin ph : (Record no. 353366)
[ view plain ]
| 000 -LEADER | |
|---|---|
| fixed length control field | 01387 a2200265 4500 |
| 003 - CONTROL NUMBER IDENTIFIER | |
| control field | OSt |
| 005 - DATE AND TIME OF LATEST TRANSACTION | |
| control field | 20180116192402.0 |
| 008 - FIXED-LENGTH DATA ELEMENTS--GENERAL INFORMATION | |
| fixed length control field | 120702t xxu||||| |||| 00| 0 eng d |
| 020 ## - INTERNATIONAL STANDARD BOOK NUMBER | |
| International Standard Book Number | 0714856428 (paperback) |
| 020 ## - INTERNATIONAL STANDARD BOOK NUMBER | |
| International Standard Book Number | 9780714856421 (paperback) |
| 040 ## - CATALOGING SOURCE | |
| Transcribing agency | 0 |
| 082 04 - DEWEY DECIMAL CLASSIFICATION NUMBER | |
| Classification number | 779 |
| 100 1# - MAIN ENTRY--PERSONAL NAME | |
| Personal name | Demos, T. J. |
| 9 (RLIN) | 5118 |
| 245 10 - TITLE STATEMENT | |
| Title | Vitamin ph : |
| Remainder of title | new perspectives in photography / |
| Statement of responsibility, etc. | T. J. Demos. |
| 260 ## - PUBLICATION, DISTRIBUTION, ETC. | |
| Place of publication, distribution, etc. | London : |
| Name of publisher, distributor, etc. | Phaidon Press, |
| Date of publication, distribution, etc. | 2006. |
| 300 ## - PHYSICAL DESCRIPTION | |
| Extent | 352 p. : |
| Other physical details | ill. ; |
| Dimensions | 30 cm. |
| 490 1# - SERIES STATEMENT | |
| Series statement | New perspectives in photography. |
| 520 ## - SUMMARY, ETC. | |
| Summary, etc. | Now available in paperback, Vitamin Ph is a global, up-to-the-minute survey of new developments in contemporary photography, featuring the work of 121 living photographers who have made a fresh and innovative contribution to international art photography. Texts by significant critics, curators, art historians and creative writers representing a wide variety of perspectives comprise a book that is both a reference for the art world and an accessible guide for those with an interest in photography. |
| 650 10 - SUBJECT ADDED ENTRY--TOPICAL TERM | |
| Topical term or geographic name entry element | Photographers |
| 9 (RLIN) | 5119 |
| 650 10 - SUBJECT ADDED ENTRY--TOPICAL TERM | |
| Topical term or geographic name entry element | Photography, Artistic |
| 9 (RLIN) | 5120 |
| 830 #0 - SERIES ADDED ENTRY--UNIFORM TITLE | |
| Uniform title | New perspectives in photography. |
| 9 (RLIN) | 5121 |
| 856 40 - ELECTRONIC LOCATION AND ACCESS | |
| Materials specified | Amazon.com |
| Uniform Resource Identifier | <a href="http://www.amazon.com/exec/obidos/ASIN/0714856428/chopaconline-20">http://www.amazon.com/exec/obidos/ASIN/0714856428/chopaconline-20</a> |
| 942 ## - ADDED ENTRY ELEMENTS (KOHA) | |
| Institution code [OBSOLETE] | SADA |
| Koha item type | Reference |
| Call number prefix | REF 779 DEM 2006 |
| Source of classification or shelving scheme | |
| 952 ## - LOCATION AND ITEM INFORMATION (KOHA) | |
| -- | REF |
| Withdrawn status | Lost status | Source of classification or shelving scheme | Damaged status | Not for loan | Permanent Location | Current Location | Date acquired | Total Checkouts | Full call number | Barcode | Date last seen | Cost, replacement price | Price effective from | Koha item type |
|---|---|---|---|---|---|---|---|---|---|---|---|---|---|---|
| School of Art Design and Architecture (SADA) | School of Art Design and Architecture (SADA) | 06/29/2011 | REF 779 DEM 2006 | SADA0001443 | 08/05/2011 | 3843.00 | 08/05/2011 | Reference |
